Emprendedura̕ social: Alternativa sostenible para una nueva economa̕

Detalles Bibliográficos
Autor principal: Porta, Ferran
Otros Autores: Parra, Carmen
Formato: Libro
Lenguaje:español
Publicado: Barcelona J.M. Bosch Editor 2014
Materias:
Acceso en línea:Acceso restringido

MARC

LEADER 00000nam a22000007a 4500
005 20151019131856.0
007 cr|||| ||u|
008 151019s2014 sp ||||| |||| 00||0 spa d
020 |a 978-84-942385-9-8 
035 |a 12859 
040 |a vLex 
090 |c 5607  |d 5607 
100 1 |a Porta, Ferran 
245 1 0 |a Emprendedura̕ social: Alternativa sostenible para una nueva economa̕  |h [Recurso electrn̤ico]  |c Ferran Porta  
256 |a Servicio en ln̕ea 
260 |a Barcelona  |b J.M. Bosch Editor  |c 2014 
300 |a 1 recurso electrn̤ico 
500 |a El Siglo XXI nos ha retado a buscar otro tipo de economa̕. La grave crisis que ha marcado su primera dčada nos ha llevado a buscar nuevas herramientas que eviten los desajustes econm̤icos y sociales que han marcado los l︢timos aǫs. Hay que crear espacios en los que intervengan los empresarios, los agentes sociales y los responsables polt̕icos. Todos ellos deben buscar fr̤mulas que eviten el enriquecimiento incontrolado de una parte de la sociedad que al mismo tiempo genera grandes bolsas de pobreza. Sin embargo las necesidades de la sociedad no son idňticas en todos los lugares del mundo. La “glocalizacin̤” que nos lleva a actuar localmente en un mundo global nos demuestra que lo que es bueno para unos no da resultado para otros. Para dar respuesta a este reto es por lo que en este libro se propone utilizar la emprendedura̕ social como un instrumento socio econm̤ico al servicio de la sociedad que nos ayude a adaptar en cada momento y en cada espacio econm̤ico los instrumentos necesarios para conseguir humanizar la economa̕. A partir de la colaboracin̤ entre diferentes autores procedentes de distintas partes del mundo nos acercamos a un tipo de empresa que beneficia a todos los actores sociales y que al mismo tiempo va a impedir que caigamos de nuevo en una economa̕ deshumanizada. 
506 1 |a Contenido solo disponible en los productos indicados  |d vLex Global  |d vLex Global (Academic Edition, excluding Law Schools)  |d vLex Global (U.S. Academic Edition, Law Schools)  |d vLex Global (U.S. Academic Edition, excluding Law Schools)  |d vLex Global (Academic Edition, Law Schools) 
650 0 4 |a Economa̕ 
700 1 |a Parra, Carmen 
740 0 |a vLex libros (servicio en ln̕ea) 
856 4 0 |u http://vlex.com/source/emprendeduria-social-alternativa-sostenible-para-una-nueva-economia-12859  |z Acceso restringido  
942 |c EURO 
999 0 |a Economics